| 000 | 01985nam a2200193Ia 4500 | ||
|---|---|---|---|
| 999 |
_c37562 _d37562 |
||
| 003 | OSt | ||
| 005 | 20210409113616.0 | ||
| 008 | 160316s1992 xxu||||| |||| 00| 0 eng d | ||
| 040 | _cNLS | ||
| 082 |
_a340.954 PUR _bPUR |
||
| 100 | _aPuri S K | ||
| 245 | _aLectures on Indian legal and constitutional history | ||
| 260 |
_aAllahabad _bAllahabad Law Agency _c1992 |
||
| 300 | _a267p | ||
| 365 | _b Gratis | ||
| 505 | _aContents Part I Ancint And Medival Peariod Lecture I - The early history of social and political institution of India Lecture II The advent of Muslim rule in India Lecture III The struture of courts in medieval India Part II British Period Lecture IV Estalishment of east India company and judicial administration in surat ,bombay madras and Calcutta Lecture V The uniform system of judicial adminitration in madras ,Bombay and Calcutta Lecture VI The introduction of adalt sysem Lecture VII The establishment of suprime court at Calcutta Lecture VIII Records courts inpresidency towns of madras and Bombay Lecture IX Adalat system under lord cornwallis Lecture X Adalat system after cornwallis Lecture XI The establishment of high courts and modren judicial system Lecture XII Codification of law commission Lecture XIII Racial discrimination in India Lecture XIV The influnce of English law in the development of law in India Lectuer XV The privy council Lecture XVI The role of judicial administration in the development of personal laws during british period Lecture XVII Development of criminal law during British rule in India Lectuer XVIII Law repoting in India Part III Constitutional History Of India Lecture XIX East India company : its constitution and function Lecture XX The end of double government :the begging of direct rule by the crown Lecture XXI Era of constitutional upheaval Lecture XXII The intergation of states and making of the constitution of India Appendix | ||
| 700 |
_a _a |
||
| 942 |
_2ddc _cBK |
||